La ciencia y la vida cotidiana: la ontología de las explicaciones científicas /
Guardat en:
| Autor principal: | |
|---|---|
| Format: | Llibre |
| Idioma: | Spanish |
| Etiquetes: |
Afegir etiqueta
Sense etiquetes, Sigues el primer a etiquetar aquest registre!
|
MARC
| LEADER | 00000nam a22000007a 4500 | ||
|---|---|---|---|
| 003 | cru CRAI/IIS | ||
| 005 | 20200124110546.0 | ||
| 008 | 191202t1989 es |||||r|||||||| ||spa|d | ||
| 999 | |c 42884 |d 42884 | ||
| 040 | |c cru CRAI/IIS | ||
| 100 | 1 | |9 8997 |a Maturana, Humberto R. | |
| 245 | 1 | 3 | |a La ciencia y la vida cotidiana: |b la ontología de las explicaciones científicas / |c Humberto R. Maturana |
| 300 | |a páginas 157-194 | ||
| 773 | 0 | |0 42687 |9 3976 |a Waltzlawick, Paul |d Barcelona Editorial Gedisa, 1989 |o 18568 |t El ojo del observador: |z 8474325129 | |
| 942 | |2 ddc |c LI | ||



